Hệ thống các văn bản pháp luật về thuế thu nhập đã được sửa đổi bổ sung
Saved in:
| Main Author: | |
|---|---|
| Format: | Book |
| Language: | Undetermined |
| Published: |
CTQG
2002
|
| Tags: |
Add Tag
No Tags, Be the first to tag this record!
|
| Institutions: | Trung tâm Học liệu Trường Đại học Cần Thơ |
|---|
| LEADER | 00497nam a2200145Ia 4500 | ||
|---|---|---|---|
| 001 | CTU_49877 | ||
| 008 | 210402s9999 xx 000 0 und d | ||
| 082 | |a 343.597052 | ||
| 082 | |b T455 | ||
| 100 | |a TỔNG CỤC THUẾ | ||
| 245 | 0 | |a Hệ thống các văn bản pháp luật về thuế thu nhập đã được sửa đổi bổ sung | |
| 245 | 0 | |c TỔNG CỤC THUẾ | |
| 260 | |b CTQG | ||
| 260 | |c 2002 | ||
| 980 | |a Trung tâm Học liệu Trường Đại học Cần Thơ | ||